000 00471nam a2200205Ia 4500
003 0100
008 130303s9999 xx 000 0 und d
040 _cARRUPELIB
050 _aQH308.2.O11983
100 _aOram, Raymond F
245 _aBiology
245 _bLiving systems
250 _a4th
260 _aToronto
260 _bCharles E.Merrill Publishing Co.
260 _C1983
300 _a758p
650 _bPhilosophy, Modern--20th century
942 0 0 _01
999 _c24339
_d24339